| 000 -LEADER |
| fixed length control field |
00690nam a2200229 a 4500 |
| 001 - CONTROL NUMBER |
| control field |
19644 |
| 003 - CONTROL NUMBER IDENTIFIER |
| control field |
BD-DhUAP |
| 005 - DATE AND TIME OF LATEST TRANSACTION |
| control field |
20210123151811.0 |
| 008 - FIXED-LENGTH DATA ELEMENTS--GENERAL INFORMATION |
| fixed length control field |
201130s2016 bg a b 001 0 eng d |
| 020 ## - INTERNATIONAL STANDARD BOOK NUMBER |
| International Standard Book Number |
9789849144861 |
| 040 ## - CATALOGING SOURCE |
| Original cataloging agency |
DNLM/DLC |
| Transcribing agency |
DLC |
| Modifying agency |
BD-DhUAP |
| 082 00 - DEWEY DECIMAL CLASSIFICATION NUMBER |
| Edition number |
23 |
| Classification number |
954.9205 CHO |
| 100 ## - MAIN ENTRY--PERSONAL NAME |
| Personal name |
Chowdhury, Mustafa. |
| 245 ## - TITLE STATEMENT |
| Title |
Unconditional love : |
| Remainder of title |
story of adoption of 1971 war babies / |
| Statement of responsibility, etc. |
Mustafa Chowdhury. |
| 260 ## - PUBLICATION, DISTRIBUTION, ETC. |
| Place of publication, distribution, etc. |
Dhaka : |
| Name of publisher, distributor, etc. |
APPI, |
| Date of publication, distribution, etc. |
c2016. |
| 300 ## - PHYSICAL DESCRIPTION |
| Extent |
lix, 538 pages : |
| Other physical details |
illustrations ; |
| Dimensions |
28 cm. |
| 650 ## - SUBJECT ADDED ENTRY--TOPICAL TERM |
| Topical term or geographic name entry element |
Intercountry adoption. |
| 650 ## - SUBJECT ADDED ENTRY--TOPICAL TERM |
| Topical term or geographic name entry element |
Children of war casualties |
| 852 4# - LOCATION/CALL NUMBER |
| Location |
UAP Central Library |
| Shelving control number |
General shelf |
| 942 ## - ADDED ENTRY ELEMENTS (KOHA) |
| Source of classification or shelving scheme |
|
| Koha item type |
Book |